Quan niệm của sinh viên trường Đại học Thủ Dầu Một về Nam tính

Cơ quan chủ trì: Đại học Thủ Dầu Một; Đề tài NCKH sinh viên khoa Công tác xã hội

Tallennettuna:
Bibliografiset tiedot
Päätekijä: Cao, Hoàng Đức Nhã
Aineistotyyppi: Kirja
Kieli:Undetermined
Julkaistu: Bình Dương 2015
Aiheet:
Linkit:http://lrc.tdmu.edu.vn/opac/search/detail.asp?aID=2&ID=37227
Tagit: Lisää tagi
Ei tageja, Lisää ensimmäinen tagi!
Thư viện lưu trữ: Trung tâm Học liệu Trường Đại học Thủ Dầu Một
LEADER 00824nam a2200169Ia 4500
001 TDMU_37227
008 210410s9999 xx 000 0 und d
082 |a 660.6 
100 |a Cao, Hoàng Đức Nhã 
245 0 |a Quan niệm của sinh viên trường Đại học Thủ Dầu Một về Nam tính 
245 0 |c Cao Hoàng Đức Nhã; ThS. Trần Thanh Hồng Lan (hướng dẫn) 
260 |a Bình Dương 
260 |c 2015 
520 |a Cơ quan chủ trì: Đại học Thủ Dầu Một; Đề tài NCKH sinh viên khoa Công tác xã hội 
650 |a Báo cáo khoa học; Nam tính  |x Quan niệm của sinh viên 
856 |u http://lrc.tdmu.edu.vn/opac/search/detail.asp?aID=2&ID=37227 
980 |a Trung tâm Học liệu Trường Đại học Thủ Dầu Một